Les pays candidats à l'organisation de la Coupe du monde de football - Statistiques

Statistiques générales
  • Ce quiz a été pris 353 fois
  • Le résultat moyen est 57 sur 64
Statistiques - réponses
Candidat à la CdM.. Pays % Correct
2018* Russie
99%
1990 Union soviétique
99%
1942 Brésil
98%
1950* Brésil
98%
1994 Brésil
98%
2014* Brésil
98%
1938* France
98%
1998* France
98%
2018 Espagne / Portugal
97%
1938 Allemagne
96%
1942 Allemagne
96%
2006* Allemagne
96%
1962 Allemagne de l'Ouest
96%
1966 Allemagne de l'Ouest
96%
1974* Allemagne de l'Ouest
96%
1982 Allemagne de l'Ouest
96%
1986 Etats-Unis
96%
1994* Etats-Unis
96%
2022 Etats-Unis
96%
1930* Uruguay
96%
1930 Espagne
95%
1966 Espagne
95%
1974 Espagne
95%
1982* Espagne
95%
1930 Italie
95%
1934* Italie
95%
1990* Italie
95%
2002* Japon / Corée du Sud
95%
2006 Afrique du Sud
94%
2010* Afrique du Sud
94%
1970* Mexique
94%
1978 Mexique
94%
1986* Mexique
94%
2002 Mexique
94%
2022* Qatar
94%
1938 Argentine
93%
1962 Argentine
93%
1970 Argentine
93%
1978* Argentine
93%
1966* Angleterre
90%
1990 Angleterre
90%
2006 Angleterre
90%
2018 Angleterre
90%
2022 Japon
90%
1986 Canada
89%
2018 Belgique / Pays-Bas
86%
1930 Suède
86%
1934 Suède
86%
1958* Suède
86%
1954* Suisse
84%
1998 Suisse
84%
1962* Chili
83%
2022 Australie
80%
1994 Maroc
79%
1998 Maroc
79%
2006 Maroc
79%
2010 Maroc
79%
2022 Corée du Sud
78%
1930 Pays-Bas
75%
1986* Colombie
72%
2010 Egypte
63%
1990 Grèce
61%
1930 Hongrie
59%
2010 Libye / Tunisie
50%
Aucun quiz correspondant
Distribution des résultats
% des personnes avec chaque résultat
Percentile par nombre de réponses
Votre historique - résultats
Vous n’avez pas pris ce quiz